000 00649nam a22002297a 4500
005 20170124110151.0
010 _a527327
020 _c00.00
035 _a527327
037 _bCen Lib/Ret
040 _aDPL
_bEN
082 _a637.12
_bWHY
100 _aWhyte, R.O.
_934001
245 _aMilk production in developing countries /
_cby R.O. Whyte
260 _aLondon
_bFaber And Faber
_c1967
270 _b24, Russell Square
_aLondon
300 _a240p.
_c21cm(Hb)
500 _aIncludes bibliographical reference and index
650 _aTropics
_934002
650 _aDairying
_934003
942 _2ddc
_cEN
_h637.12
_mWHY
999 _c132203
_d132203